[Event "Nova Odessa IRT Regional 1st"]
[Site "Nova Odessa"]
[Date "2011.08.07"]
[Round "5.16"]
[White "Mello, Marcos Fernando"]
[Black "Correia, Vitor Paie"]
[Result "1-0"]
[WhiteElo "1517"]
[BlackElo "1764"]
[PlyCount "67"]
[EventDate "2011.08.05"]
[EventType "swiss"]
[EventRounds "6"]
[EventCountry "BRA"]
[SourceTitle "EXT 2022"]
[Source "ChessBase"]
[SourceDate "2021.10.06"]
[SourceVersion "1"]
[SourceVersionDate "2021.10.06"]
[SourceQuality "1"]

1. c4 Nf6 2. Nc3 e6 3. Nf3 d5 4. cxd5 exd5 5. d4 Bb4 6. Bd2 0-0 7. g3 Nc6 8. Bg2 Bf5 9. a3 Ba5 10. b4 Bb6 11. Nh4 Qd7 12. e3 Bh3 13. 0-0 Bg4 14. Bf3 Bxf3 15. Qxf3 Qg4 16. Qxg4 Nxg4 17. h3 Nf6 18. Rac1 Ne4 19. Rcd1 Nxc3 20. Bxc3 a5 21. Nf3 axb4 22. axb4 Ra3 23. b5 Rxc3 24. bxc6 bxc6 25. Rc1 Bxd4 26. Nxd4 Ra3 27. Nxc6 Re8 28. Rfd1 h6 29. Rxd5 Kf8 30. Rd7 Rc8 31. Nd4 c5 32. Nb5 Ra5 33. Rc7 Rb8 34. Nd6 1-0

[Event "Nova Odessa IRT Regional 1st"]
[Site "Nova Odessa"]
[Date "2011.08.05"]
[Round "1.15"]
[White "Cardozo, Matheus Santos"]
[Black "Mello, Marcos Fernando"]
[Result "1-0"]
[WhiteElo "1709"]
[BlackElo "1517"]
[PlyCount "71"]
[EventDate "2011.08.05"]
[EventType "swiss"]
[EventRounds "6"]
[EventCountry "BRA"]
[SourceTitle "EXT 2022"]
[Source "ChessBase"]
[SourceDate "2021.10.06"]
[SourceVersion "1"]
[SourceVersionDate "2021.10.06"]
[SourceQuality "1"]

1. e4 c5 2. Nf3 d6 3. d4 cxd4 4. Nxd4 Nf6 5. Nc3 g6 6. Be3 Bg7 7. f3 0-0 8. Qd2 Nc6 9. 0-0-0 Bd7 10. g4 Ne5 11. h4 h5 12. gxh5 Nxh5 13. Bh6 Rc8 14. Bxg7 Kxg7 15. Be2 Nc4 16. Bxc4 Rxc4 17. Rdg1 a5 18. Nf5+ Bxf5 19. exf5 Rf4 20. Rg5 e5 21. Rhg1 Kh8 22. fxg6 fxg6 23. Rxg6 Kh7 24. Rxd6 Qxh4 25. Qd3+ e4 26. Nxe4 R4f5 27. Rd7+ Kh8 28. Qd4+ Nf6 29. Nxf6 Qxf6 30. Rh1+ Kg8 31. Qc4+ Rf7 32. Qc8+ Rf8 33. Rg1+ Rg5 34. Qc4+ Rf7 35. Qxf7+ Qxf7 36. Rxg5+ 1-0

[Event "Campinas IRT LCX 15th"]
[Site "Campinas"]
[Date "2009.07.26"]
[Round "4"]
[White "Caricatto, Nadia Piccinin"]
[Black "Mello, Marcos Fernando"]
[Result "1/2-1/2"]
[WhiteElo "1557"]
[BlackElo "1556"]
[PlyCount "47"]
[EventDate "2008.07.24"]
[EventType "tourn"]
[EventRounds "11"]
[EventCountry "BRA"]
[SourceTitle "EXT 2022"]
[Source "ChessBase"]
[SourceDate "2021.10.06"]
[SourceVersion "1"]
[SourceVersionDate "2021.10.06"]
[SourceQuality "1"]

1. d4 d5 2. c4 c6 3. cxd5 cxd5 4. Nc3 Bf5 5. Nf3 Nc6 6. Bg5 h6 7. Bf4 e6 8. Nb5 Qa5+ 9. Nc3 Bb4 10. Bd2 Nge7 11. e3 0-0 12. a3 Bxc3 13. Bxc3 Qc7 14. Bd3 Bxd3 15. Qxd3 Rac8 16. 0-0 Rfd8 17. h3 b6 18. Rac1 Qb7 19. Rc2 Nb8 20. Rfc1 Rc6 21. Be1 Rdc8 22. Rxc6 Rxc6 23. Rxc6 Qxc6 24. Qc3 1/2-1/2

[Event "Campinas IRT LCX 15th"]
[Site "Campinas"]
[Date "2009.07.25"]
[Round "2"]
[White "Freitas, Romeu Salvador"]
[Black "Mello, Marcos Fernando"]
[Result "1-0"]
[WhiteElo "2204"]
[BlackElo "1556"]
[PlyCount "137"]
[EventDate "2008.07.24"]
[EventType "tourn"]
[EventRounds "11"]
[EventCountry "BRA"]
[SourceTitle "EXT 2022"]
[Source "ChessBase"]
[SourceDate "2021.10.06"]
[SourceVersion "1"]
[SourceVersionDate "2021.10.06"]
[SourceQuality "1"]

1. e4 e6 2. d4 d5 3. Nc3 dxe4 4. Nxe4 Nd7 5. Nf3 Ngf6 6. Nxf6+ Nxf6 7. Bc4 Bd7 8. 0-0 c6 9. Re1 Qc7 10. Bg5 Be7 11. c3 Nd5 12. Bxd5 cxd5 13. Bxe7 Kxe7 14. Qd2 h6 15. Rac1 Rhc8 16. Ne5 Be8 17. c4 dxc4 18. d5 Rd8 19. Qb4+ Qd6 20. Qxb7+ Kf8 21. dxe6 Qxe6 22. Nxc4 Qd7 23. Qb4+ Kg8 24. Ne5 Qd5 25. Qc4 Qxc4 26. Nxc4 Rac8 27. Ne3 Rxc1 28. Rxc1 Kf8 29. Rc7 a5 30. f4 a4 31. Rc2 Ke7 32. Kf2 Bd7 33. b4 axb3 34. axb3 Be6 35. Rb2 Rb8 36. b4 Rb5 37. Kf3 f5 38. Ke2 Kd6 39. Kd3 Kc6 40. Kd4 Kb7 41. g3 Rb6 42. b5 Bd7 43. Nc4 Re6 44. b6 Re4+ 45. Kc5 Re6 46. Ne5 Be8 47. Rd2 g6 48. Rd8 Ba4 49. Rg8 Be8 50. Rg7+ Ka8 51. Ra7+ Kb8 52. Nd7+ Bxd7 53. Rxd7 Re2 54. Rg7 Rxh2 55. Rxg6 h5 56. Kc6 Rc2+ 57. Kd5 Rg2 58. Ke5 Kb7 59. Kxf5 Rg1 60. g4 hxg4 61. Rxg4 Rb1 62. Rg6 Rb5+ 63. Kg4 Rb4 64. Kg5 Rb1 65. f5 Rg1+ 66. Kh6 Rf1 67. f6 Kxb6 68. Kg7 Kc7 69. f7 1-0

[Event "Valinhos LCX 8th"]
[Site "Valinhos"]
[Date "2008.07.03"]
[Round "11"]
[White "Goncalves, Marcus Vinicius M"]
[Black "Mello, Marcos Fernando"]
[Result "1-0"]
[WhiteElo "1790"]
[BlackElo "1627"]
[PlyCount "73"]
[EventDate "2008.07.03"]
[EventType "tourn"]
[EventRounds "14"]
[EventCountry "BRA"]
[SourceTitle "EXT 2022"]
[Source "ChessBase"]
[SourceDate "2021.10.06"]
[SourceVersion "1"]
[SourceVersionDate "2021.10.06"]
[SourceQuality "1"]

1. d4 d5 2. c4 e6 3. Nc3 Nf6 4. Nf3 c6 5. cxd5 exd5 6. Bg5 Be7 7. e3 h6 8. Bxf6 Bxf6 9. Bd3 0-0 10. h3 Be6 11. 0-0 Qc7 12. Qc2 Nd7 13. Rfc1 Rfe8 14. b4 Be7 15. Rab1 Nf8 16. b5 c5 17. dxc5 Qxc5 18. Nd4 Rac8 19. Qb3 Qb6 20. Nxd5 Bxd5 21. Qxd5 Ba3 22. Rc4 Red8 23. Rxc8 Rxc8 24. Bc4 Qc7 25. Bb3 Be7 26. Qxf7+ Kh7 27. Qg8+ Kg6 28. Bc2+ Kf6 29. Qd5 Qc5 30. Qf3+ Ke5 31. Qe4+ Kd6 32. Nf5+ Kd7 33. Rd1+ Ke8 34. Nd6+ Qxd6 35. Rxd6 Rxc2 36. Qxc2 Bxd6 37. Qe4+ 1-0

[Event "Valinhos LCX 8th"]
[Site "Valinhos"]
[Date "2008.07.03"]
[Round "14"]
[White "Mello, Marcos Fernando"]
[Black "Chih, Lee Hung"]
[Result "0-1"]
[WhiteElo "1627"]
[BlackElo "1994"]
[PlyCount "132"]
[EventDate "2008.07.03"]
[EventType "tourn"]
[EventRounds "14"]
[EventCountry "BRA"]
[SourceTitle "EXT 2022"]
[Source "ChessBase"]
[SourceDate "2021.10.06"]
[SourceVersion "1"]
[SourceVersionDate "2021.10.06"]
[SourceQuality "1"]

1. Nf3 c5 2. g3 Nc6 3. Bg2 g6 4. 0-0 Bg7 5. d3 Nf6 6. e4 0-0 7. c3 d6 8. h3 b6 9. Re1 Bb7 10. d4 Rc8 11. a3 cxd4 12. cxd4 d5 13. e5 Ne8 14. Nc3 e6 15. Bg5 Qd7 16. Qd2 Na5 17. Bh6 Nb3 18. Qf4 Nxa1 19. Rxa1 f5 20. Bxg7 Nxg7 21. h4 Nh5 22. Qe3 f4 23. gxf4 Nxf4 24. Bf1 a6 25. Ne2 Nxe2+ 26. Bxe2 Qe7 27. Ng5 h6 28. Nf3 Kg7 29. Kh2 Rxf3 30. Qxf3 Qxh4+ 31. Kg2 Rf8 32. Qg3 Qxd4 33. Rh1 Qf4 34. Qxf4 Rxf4 35. Rc1 d4+ 36. Kg3 Rf7 37. f4 g5 38. fxg5 hxg5 39. Rc4 d3 40. Bh5 Rf1 41. Rc7+ Kh6 42. Rxb7 Kxh5 43. Rd7 Re1 44. Rxd3 Rxe5 45. Rd6 Rb5 46. Rxe6 Rb3+ 47. Kf2 Rxb2+ 48. Ke3 Rb3+ 49. Ke4 Rxa3 50. Rxb6 a5 51. Ra6 Ra4+ 52. Kd3 Ra1 53. Kc3 a4 54. Kc2 Kh4 55. Ra8 g4 56. Rh8+ Kg3 57. Rg8 Kf3 58. Rf8+ Kg2 59. Rg8 g3 60. Rd8 Ra2+ 61. Kc3 Rf2 62. Kd3 Rf7 63. Ke3 Kh2 64. Rh8+ Kg1 65. Ra8 g2 66. Rxa4 Kh2 0-1

[Event "Valinhos LCX 8th"]
[Site "Valinhos"]
[Date "2008.07.03"]
[Round "4"]
[White "Mello, Marcos Fernando"]
[Black "Goncalves, Marcus Vinicius M"]
[Result "0-1"]
[WhiteElo "1627"]
[BlackElo "1790"]
[PlyCount "88"]
[EventDate "2008.07.03"]
[EventType "tourn"]
[EventRounds "14"]
[EventCountry "BRA"]
[SourceTitle "EXT 2022"]
[Source "ChessBase"]
[SourceDate "2021.10.06"]
[SourceVersion "1"]
[SourceVersionDate "2021.10.06"]
[SourceQuality "1"]

1. d4 Nf6 2. c4 g6 3. Nc3 d5 4. cxd5 Nxd5 5. e4 Nxc3 6. bxc3 c5 7. Be3 Bg7 8. Rc1 cxd4 9. cxd4 0-0 10. Bc4 Nc6 11. Ne2 Na5 12. Bd3 b6 13. 0-0 Bb7 14. d5 Qd7 15. Bd4 e6 16. Bxg7 Kxg7 17. dxe6 Qxe6 18. f3 Rfd8 19. Qc2 Kg8 20. Rfd1 Rac8 21. Qb2 Rxc1 22. Nxc1 Ba6 23. Be2 Rxd1+ 24. Bxd1 Qd6 25. Qc2 Nc4 26. Qd3 Qc5+ 27. Kh1 Ne3 28. Qd2 Bf1 29. Kg1 Nxd1+ 30. Kxf1 Ne3+ 31. Ke2 Nxg2 32. Nb3 Qe5 33. Nd4 Qxh2 34. Kf1 Qh1+ 35. Kf2 h5 36. Ne2 h4 37. e5 Qh2 38. e6 Nf4+ 39. Ke3 Nxe6 40. Qd5 Qxe2+ 41. Kxe2 Nf4+ 42. Kf2 Nxd5 43. Kg2 Nf4+ 44. Kf2 g5 0-1

[Event "Campinas IRT LCX 06th"]
[Site "Campinas"]
[Date "2008.04.20"]
[Round "7"]
[White "Deus Filho, Joaquim"]
[Black "Mello, Marcos Fernando"]
[Result "1-0"]
[WhiteElo "2056"]
[BlackElo "1699"]
[PlyCount "73"]
[EventDate "2008.04.03"]
[EventType "tourn"]
[EventRounds "11"]
[EventCountry "BRA"]
[SourceTitle "EXT 2022"]
[Source "ChessBase"]
[SourceDate "2021.10.06"]
[SourceVersion "1"]
[SourceVersionDate "2021.10.06"]
[SourceQuality "1"]

1. e4 e5 2. Nf3 d6 3. d4 Nc6 4. Bb5 exd4 5. Qxd4 Nf6 6. 0-0 Be7 7. e5 Nh5 8. Qd5 0-0 9. Bxc6 bxc6 10. Qxc6 Be6 11. Nc3 dxe5 12. Nxe5 Bd6 13. Rd1 Rb8 14. Ne4 Bf5 15. Nxd6 cxd6 16. Qxd6 Qxd6 17. Rxd6 Rfd8 18. Rxd8+ Rxd8 19. Be3 Bxc2 20. Bxa7 Nf6 21. b4 Nd5 22. Bc5 f6 23. Nc4 Rb8 24. a3 Bb3 25. Ne3 Nxe3 26. Bxe3 Ba4 27. f3 Kf7 28. Rc1 h5 29. Rc7+ Kg6 30. Ra7 Bc6 31. Bc5 Kh6 32. a4 g5 33. h3 Kg6 34. a5 Bb5 35. a6 Bc6 36. Rc7 Ba8 37. a7 1-0

[Event "Campinas IRT LCX 06th"]
[Site "Campinas"]
[Date "2008.04.13"]
[Round "5"]
[White "De Campos, Joao Manuel"]
[Black "Mello, Marcos Fernando"]
[Result "1-0"]
[WhiteElo "1902"]
[BlackElo "1699"]
[PlyCount "65"]
[EventDate "2008.04.03"]
[EventType "tourn"]
[EventRounds "11"]
[EventCountry "BRA"]
[SourceTitle "EXT 2022"]
[Source "ChessBase"]
[SourceDate "2021.10.06"]
[SourceVersion "1"]
[SourceVersionDate "2021.10.06"]
[SourceQuality "1"]

1. d4 Nf6 2. Nf3 e6 3. c4 Be7 4. Nc3 b6 5. e4 0-0 6. e5 Ne8 7. Bd3 Bb7 8. 0-0 d6 9. Qe2 Nd7 10. Ne4 dxe5 11. dxe5 Nc5 12. Nxc5 Bxc5 13. Ng5 h6 14. Nh7 Qe7 15. Nxf8 Qxf8 16. Be3 Bxe3 17. Qxe3 Rd8 18. Rad1 Qe7 19. Rd2 f5 20. Rfd1 c5 21. Be2 Rxd2 22. Qxd2 Bc6 23. Qd8 Kf7 24. Bh5+ Kf8 25. Qxe7+ Kxe7 26. Bxe8 Kxe8 27. f4 Ke7 28. Rd6 Be4 29. a4 Bc2 30. a5 bxa5 31. Ra6 Kf7 32. Rxa7+ Kf8 33. Rxa5 1-0